000 00727nam a2200265 i 4500
001 bg
100 1 _aTHORNBURY, Scott
245 1 0 _aHow to teach grammar /
_cScott Thornbury.
250 _a8 impr.
260 _aHarlow :
_bLongman,
_c2005.
300 _a182 s. :
_brys. ;
_c25 cm.
490 1 _aHow To
504 _aIndeks.
650 9 _aJęzyk angielski
_xgramatyka
_xnauczanie
655 _aPodręczniki akademickie
830 _aHow To
020 _a0582339324
040 _cBPK
041 0 _aeng
080 _a372.881.111.1::811.111'36
920 _a0-582-33932-4
942 _cKS
008 s pl f |000 0 pol
999 _c51348
_d51348